Flags of Europe - 3:5 aspect ratio - Statistics

General Stats
  • This quiz has been taken 7 times
  • The average score is 3 of 5
Answer Stats
Answer % Correct
Germany
83%
Lithuania
67%
Bulgaria
50%
Luxembourg
50%
Liechtenstein
17%
No matching quizzes found
Score Distribution
Percent of People with Each Score
Percentile by Number Answered
Your Score History
You have not taken this quiz